000 00411 a2200169 4500
001 157368
020 _a978-85-359-3177-8
040 _cEscola São Tomás de Aquino
100 _aJEHA, Julio
240 1 0 _aContos clássicos de terror
_lpor
245 1 0 _aContos clássicos de terror
300 _a406
362 0 _a2018
440 1 _aCompanhia das Letras
697 _aColeção de ficção
942 _cBK
999 _c157368
_d157368